00319nam a2200133Ia 4500003000400000005001700004008004100021020002000062040001800082100001900100245004200119260001500161260000900176OSt20240326100408.0170524s9999 xx 000 0 und d a ‎ 071602053X c IIMTU MEERUT aJackson- Kavin 4aThe right joke for the right occasion bJaico Pub. c2005